=LDR 00000nam 2200000 4500 =001 INLIS000000000036591 =005 20251229020505 =035 ##$$a 0010-061300000036591 =008 251229###########################0#ind## =041 ##$$a Ind =082 ##$$a 028.5 =090 ##$$a 028.5, Han t =100 ##$$a Han, Keol =245 1#$$a Thomas Alva edison, /$c Han keol ; penerjemah, Deni Supriadian keol =260 ##$$a Jakarta :$b Elex Media Komputindo,$c 2010 =300 ##$$a 160 hlm, : $b ilus ; $c 23 cm =650 #4$$a Bacaan kanak-kaak =700 #$$a Supriadi, Deni =850 ##$$a NBPNMAT =020 ##$$a 978-979-27-7576-1 =084 ##$$a 028.5 HAN t =990 ##$$a 90442/BPAP-NTB/2014 =990 ##$$a 21400312/BPAP-NTB/2014 =990 ##$$a 21400313/BPAP-NTB/2014 =990 ##$$a 21101978 =990 ##$$a 90442/BPAP-NTB/2014 =990 ##$$a 21400313/BPAP-NTB/2014